Statistics for Biggest Cities in the Cincinnati Metro Area

Click here to take the quiz!

General Stats

  • This quiz has been taken 12 times
  • The average score is 7 of 20

Answer Stats

PopulationCity% Correct
309,317Cincinnati
82%
63,399Hamilton
73%
40,961Covington
55%
40,691Mason
55%
13,394Blue Ash
45%
31,946Florence
45%
14,150Newport
45%
42,623Fairfield
36%
13,307Loveland
36%
50,987Middletown
36%
17,438Fort Thomas
27%
28,676Independence
27%
20,841Lebanon
27%
23,035Oxford
27%
11,007Springdale
27%
19,611Erlanger
18%
19,062Springboro
18%
14,117Sharonville
9%
12,660Wilmington
9%
20,189Forest Park
0%

Score Distribution

Percentile by Number Answered

Percent of People with Each Score

Your Score History

You have not taken this quiz